| 000 | 01395cam a2200241 4500 | ||
|---|---|---|---|
| 001 | ABS63051 | ||
| 008 | 000000n2000 000 0 eng u | ||
| 035 | _a(Sirsi) u109142 | ||
| 245 | _aChelsea Yacht and Boat Co Ltd v Pope | ||
| 260 | _c2000 | ||
| 490 |
_aWeekly Law Reports _v[2000] 37 WLR 1941-1948(8) |
||
| 520 | _aCA 6 April 2000. A houseboat, moored to a pontoon and to the bank and bed of a river in which it took to the ground at half tide, was let to B by an agreement very similar to that for the letting of a dwelling house. Water, electricity and other services were provided to the houseboat. A sold the houseboat to C. Shortly afterwards C sought possession from B for failure to pay rent. The judge held that the agreement was a tenancy under which a dwelling-house is let within Housing Act 1988 s1(1). C appealed. Held, appeal allowed. Since the Housing Act 1988 only applied to the letting of land, the agreement under which B occupied the houseboat was not a tenancy of a dwelling house for the purposes of s1 of the Act. | ||
| 590 | _aABS | ||
| 650 | _aHOUSEBOAT | ||
| 650 | _aHOUSING | ||
| 650 | _aCHELSEA YACHT AND BOAT CO LTD V POPE | ||
| 650 | _aRENTED ACCOMMODATION | ||
| 650 | _aASSURED TENANCY | ||
| 650 | _aSECURITY OF TENURE | ||
| 650 | _aHOUSING ACT 1988 S1(1) | ||
| 690 | _aLANDLORD AND TENANT-RESIDENTIAL TENANCIES-CASE LAW | ||
| 942 | _n0 | ||
| 999 |
_c65164 _d65164 |
||